| 000 | 00403nam a22001697a 4500 | ||
|---|---|---|---|
| 005 | 20160530094342.0 | ||
| 008 | 160530b xxu||||| |||| 00| 0 eng d | ||
| 020 | _a81-7224-991-8 | ||
| 041 | _aeng | ||
| 082 | _b5887 | ||
| 100 |
_aWrenn, Bruce & others _91470 |
||
| 245 | _aResearch for Marketing Decisions | ||
| 260 |
_bJaico Both _c2004 |
||
| 300 | _a378 | ||
| 650 |
_aManagement _9241 |
||
| 942 | _cBK | ||
| 999 |
_c2085 _d2084 |
||